Statistics for Easy Everton quiz

Click here to take the quiz!

General Stats

  • This quiz has been taken 194 times
  • The average score is 4 of 15

Answer Stats

HintAnswer% Correct
What year were Everton founded?1878
94%
Who did Everton sign Jelavic from?Rangers
40%
60 grandSeamus Coleman
38%
We've got a diamond called...Ross Barkley
31%
Current Everton player who has played for Aston Villa and Man CityGareth Barry
25%
Everton's Ngolo KanteIdrissa Gueye
22%
Who scored Everton's goal vs Liverpool in the fa cup in 2009?Dan Gosling
20%
Everton player who is on loan at HullOumar Niasse
19%
The last Everton player to score a hat trick?Romelu Lukaku
17%
who knocked Everton out of the fa cup this year?Leicester
15%
Brought us the dollarFarhad Moshiri
13%
Everton's new signing? NO.2Morgan Schneiderlin
12%
Who was Martinez's last game against?Sunderland
12%
What was the name of the club?St Dominigo's
5%
Who scored an all headed hat-trick for Everton?Duncan Fergurson
2%

Score Distribution

Percentile by Number Answered

Percent of People with Each Score

Your Score History

You have not taken this quiz